Festividad de las cruces de mayo en Socoroma

Saved in:
Bibliographic Details
Main Authors: Oyarzo Sánchez, Edith (autora), Bermejo Pérez, Claudia (Author)
Format: Book
Language:Spanish
Published: Arica Consejo Nacional de la Cultura y las Artes 2007
Edition:1a. ed
Subjects:
Tags: Add Tag
No Tags, Be the first to tag this record!

MARC

LEADER 00000nam a2200000 a 4500
001 UCI4366
003 CL-VaPUC
008 080111e20070000CL |||||||||||||||||spa|d
082 0 4 |a 394.2  |b OYA  |2 21 
100 |a Oyarzo Sánchez, Edith  |e autora  |9 526223 
700 0 |a Bermejo Pérez, Claudia  |e author  |9 526224 
245 1 0 |a Festividad de las cruces de mayo en Socoroma 
250 |a 1a. ed 
942 |c BK 
945 |d 20080111 00:00:00  |a castudil 
260 |a Arica  |b Consejo Nacional de la Cultura y las Artes  |c 2007 
650 7 |a CRUZ DE MAYO  |2 CL-VaPUC  |9 483465 
650 7 |a FIESTAS TRADICIONALES  |2 CL-VaPUC  |9 476801 
650 7 |a FOLKLORE  |2 CL-VaPUC  |9 268291 
651 7 |a SOCOROMA  |2 CL-VaPUC  |9 526225 
651 7 |a CHILE  |2 CL-VaPUC  |9 526226 
583 |a last modification  |c 20080111 00:00:00  |k Rodrigo Vera 
999 |c 328313  |d 328311 
952 |0 0  |1 0  |4 0  |6 394_200000000000000_OYA_2007  |7 0  |8 X  |9 412151  |a FDOMLP  |b FDOMLP  |d 2019-11-22  |i 4384202  |o 394.2 OYA 2007  |p 4384202  |r 2019-11-22  |w 2019-11-22  |y BK_X  |k BU2 
952 |0 0  |1 0  |4 0  |6 394_200000000000000_OYA_2007  |7 0  |8 X  |9 412152  |a FDOMLP  |b FDOMLP  |d 2019-11-22  |i 4384199  |o 394.2 OYA 2007  |p 4384199  |r 2019-11-22  |w 2019-11-22  |y BK_X  |k BU2 
952 |0 0  |1 0  |4 0  |6 394_200000000000000_OYA_2007  |7 0  |8 X  |9 412153  |a FDOMLP  |b FDOMLP  |d 2019-11-22  |i 4384210  |o 394.2 OYA 2007  |p 4384210  |r 2019-11-22  |w 2019-11-22  |y BK_X  |k BU2